| 000 | 00855nam a2200277Ia 4500 | ||
|---|---|---|---|
| 001 | Para_7915 | ||
| 003 | CHAP | ||
| 008 | 220125s9999 xx 000 0 und d | ||
| 010 | _a206595 | ||
| 040 | _cCHAP | ||
| 082 | _aPA-C 595.75 H4 | ||
| 100 |
_aGould, George E. _950115 |
||
| 245 |
_aA new genus of veliidae (Hemiptera) / _c by George E. Goold |
||
| 300 | _a6 p. | ||
| 440 |
_aHemiptera; 8 _9172879 |
||
| 500 | _aSobretiro de: Journal Entomology Society 7 (2): 56-61, 1934. Encuadernado con otros impresos similares | ||
| 650 |
_a _x HemÃpteros _x colecciones de escritos _x Veliidae _9172891 |
||
| 710 |
_aJournal Entomology Society 7 (2) _9172892 |
||
| 901 | _aPA-C 595.75 H4 | ||
| 902 | _aA | ||
| 905 | _a000000 0000000000 00 | ||
| 910 | _a | ||
| 942 | _cPARA | ||
| 942 |
_cPARA _d1 |
||
| 999 |
_c206595 _d206595 |
||